Top Ten Most Spoken Languages Worldwide - Statistics

General Stats
  • This quiz has been taken 52 times
  • The average score is 8 of 10
Answer Stats
Hint Answer % Correct
1. Chinese
100%
3. English
100%
2. Spanish
98%
4. Hindi
90%
8. Russian
86%
9. Japanese
84%
5. Arabic
78%
6. Portuguese
72%
7. Bengali
46%
10. Punjabi
22%
No matching quizzes found
Score Distribution
Percent of People with Each Score
Percentile by Number Answered
Your Score History
You have not taken this quiz